书目信息 |
| 题名: |
中国历史书籍目录学
|
|
| 作者: | 王锦贵 , 陈秉才 著 | |
| 分册: | ||
| 出版信息: | 北京 书目文献出版社 1984 |
|
| 页数: | 263页 | |
| 开本: | 19cm | |
| 丛书名: | ||
| 单 册: | ||
| 中图分类: | G257.3 | |
| 科图分类: | ||
| 主题词: | 目录学 | |
| 电子资源: | ||
| ISBN: | ||
| 000 | 00663nam0 2200241 45 | |
| 001 | 0184004579 | |
| 005 | 20060510150701.17 | |
| 010 | @dCNY0.90 | |
| 091 | @a7201.53 | |
| 100 | @a19950613d1984 em y0chiy0121 ea | |
| 101 | 0 | @achi |
| 102 | @aCN@b110000 | |
| 105 | @ay z 000yy | |
| 200 | 10 | @a中国历史书籍目录学@Azhong guo li shi shu ji mu lu xue@f陈秉才,王锦贵著@FChen Bing Cai,Wang Jin Gui Zhu |
| 210 | @a北京@c书目文献出版社@d1984 | |
| 215 | @a263页@d19cm | |
| 606 | @a目录学 | |
| 690 | @aG257.3@v3 | |
| 701 | 0 | @a王锦贵@4著 |
| 701 | 0 | @a陈秉才@4著 |
| 801 | 2 | @aCN@bNLC@c20060510 |
| 801 | 0 | @aCN@b上海图书馆@c20040424 |
| 905 | @dG257.3@e11@f1@b168728 | |
| 中国历史书籍目录学/陈秉才,王锦贵著.-北京:书目文献出版社,1984 |
| 263页;19cm |
| ISBN :CNY0.90 |
| ● |
| 相关链接 |
|
|
|
|
正题名:中国历史书籍目录学
索取号:G257.3/11
 
预约/预借
| 序号 | 登录号 | 条形码 | 馆藏地/架位号 | 状态 | 备注 |
| 1 | 0124064 | 000214280 | 第四借阅区/ [索取号:G257.3/11] | 在馆 | |
| 2 | 0124065 | 000214299 | 密集书库/ [索取号:G257.3/11] | 在馆 | |
| 3 | 0168727 | 001766048 | 密集书库/ [索取号:G257.3/11] | 在馆 | |
| 4 | 0168728 | 002004976 | 密集书库/ [索取号:G257.3/11] | 在馆 | |
| 5 | 0168729 | 202319801 | 密集书库/ [索取号:G257.3/11] | 在馆 | |
| 6 | 0168730 | 001766002 | 密集书库/ [索取号:G257.3/11] | 在馆 |